Islamic revivalism in Malaysia : dakwah among the students

Bibliographic Details
Main Author: Zainah Anwar (Author)
Format: Book
Published: Petaling Jaya, Selangor : Pelanduk Publications , 1987
Subjects:

MARC

LEADER 00000cam a2200000 7i4500
001 0000003223
005 20160413093000.0
008 021118s1987
020 |a 9679781879 
090 0 0 |a LB3609   |b .Z3 
100 0 |a Zainah Anwar ,   |e author 
245 1 0 |a Islamic revivalism in Malaysia :   |b dakwah among the students   |c Zainah Anwar 
260 2 |a Petaling Jaya, Selangor :   |b Pelanduk Publications ,   |c 1987 
300 |a 122 p. ;   |c 19 cm. 
504 |a Includes bibliographical references (p. 109-113) and index 
650 0 |a Da'wah (Islam) 
650 0 |a Islam   |z Malaysia   |x History   |y 20th century 
650 0 |a Muslim students   |z Malaysia   |x Religious Life 
999 |a 1000029663   |b Book   |c OPEN SHELF (30 DAYS)   |e Gong Badak Campus